[Event "CRO Cup"]
[Site "Rabac"]
[Date "2004.06.24"]
[Round "5"]
[White "Bozanic, Ivica"]
[Black "Krkljes, Slaven"]
[Result "1-0"]
[WhiteElo "2238"]
[BlackElo "2158"]
[PlyCount "95"]
[EventDate "2004.05.20"]
[EventType "swiss"]
[EventRounds "9"]
[EventCountry "CRO"]
[SourceTitle "CBM 100 Extra"]
[Source "ChessBase"]
[SourceDate "2004.07.06"]
[SourceVersion "2"]
[SourceVersionDate "2004.07.06"]
[SourceQuality "1"]

1. e4 c5 2. Nf3 d6 3. d4 cxd4 4. Nxd4 Nf6 5. Nc3 a6 6. Be3 e5 7. Nb3 Be6 8. Qd2 Nbd7 9. f3 h5 10. Nd5 Nxd5 11. exd5 Bf5 12. Bd3 Bxd3 13. Qxd3 Be7 14. 0-0 Bf6 15. c4 b6 16. Nd2 a5 17. Ne4 Nc5 18. Qc2 Nxe4 19. fxe4 0-0 20. Qf2 Rb8 21. Qf5 h4 22. g4 hxg3 23. hxg3 Qc8 24. Rac1 Qxf5 25. Rxf5 Rfc8 26. b3 Be7 27. Rf2 g6 28. g4 Bh4 29. Rfc2 f6 30. a3 Bg3 31. Rf1 Rf8 32. Kg2 Bh4 33. b4 axb4 34. axb4 Bg5 35. Bg1 Rfc8 36. Ra1 Ra8 37. Rxa8 Rxa8 38. Bxb6 Kf7 39. Bc7 Ke7 40. c5 dxc5 41. bxc5 Kd7 42. Bb6 Bf4 43. c6+ Kd6 44. Bc5+ Kc7 45. Rb2 Ra6 46. Rb7+ Kc8 47. Bd6 Ra8 48. Rh7 1-0